| 000 | 00408nam a2200169Ia 4500 | ||
|---|---|---|---|
| 008 | 151213s9999 xx 000 0 und d | ||
| 020 | _a81-5535334-4 | ||
| 100 | _aJ.G.Starks | ||
| 245 |
_aIntroduction to International Law _cJ.G.Starks |
||
| 250 | _a10th | ||
| 260 |
_aU.K. _bButter Warth & Co Ltd. _c1989 |
||
| 300 | _a6831 p. | ||
| 650 | _aLaw | ||
| 650 | _aLaw | ||
| 700 | _aJ.G.Starks | ||
| 999 |
_c3686 _d3686 |
||